England National Football Team Opponents 1980-1989 - Statistics

General Stats
  • This quiz has been taken 29 times
  • The average score is 98 of 116
Answer Stats
Modern Confederation Year + Result Country % Correct
CONMEBOL 1980 3-1 W | 1986 2-1 L Argentina
100%
UEFA 1980 1-1 D Belgium
100%
CONMEBOL 1981 1-0 L | 1984 2-0 W | 1987 1-1 D Brazil
100%
UEFA 1980 2-0 W | 1980 2-1 W | 1981 2-1 L | +2 others Spain
100%
UEFA 1982 2-2 D | 1983 1-0 L | 1988 1-0 W | 1989 1-1 D Denmark
95%
UEFA 1980 2-0 W | 1985 2-1 W | 1988 1-0 L Ireland
95%
UEFA 1980 1-0 L | 1985 2-1 L | 1989 0-0 D Italy
95%
UEFA 1980 1-1 D | 1982 4-0 W | 1983 0-0 D | +5 others Northern Ireland
95%
UEFA 1980 2-0 W | 1981 1-0 L | 1982 1-0 W | +7 others Scotland
95%
UEFA 1984 2-0 L | 1986 1-0 W | 1988 3-1 L Soviet Union
95%
UEFA 1980 2-1 W | 1981 2-1 L | 1988 1-0 W Switzerland
95%
UEFA 1980 4-1 L | 1981 0-0 D | 1982 1-0 W | +2 others Wales
95%
UEFA 1982 1-1 D Iceland
90%
UEFA 1980 4-0 W | 1981 2-1 L Norway
90%
UEFA 1986 3-0 W | 1989 0-0 D | 1989 3-0 W Poland
90%
UEFA 1986 1-0 L | 1988 0-0 D | 1989 0-0 D Sweden
90%
UEFA 1986 2-0 W | 1987 4-1 W | 1989 2-1 W Yugoslavia
90%
AFC 1980 2-1 W | 1983 0-0 D | 1983 1-0 W | 1983 1-1 D Australia
85%
UEFA 1982 2-0 W | 1988 2-2 D | 1988 3-1 L Netherlands
85%
UEFA 1986 1-0 L Portugal
85%
CONCACAF 1985 5-0 W USA
85%
UEFA 1982 0-0 D | 1982 2-1 D | 1985 3-0 W | 1987 3-1 L West Germany
85%
UEFA 1982 2-0 W Czechoslovakia
80%
UEFA 1982 3-1 W | 1984 2-0 L France
80%
UEFA 1980 2-1 L | 1981 0-0 D | 1985 0-0 D | 1985 1-1 D Romania
80%
UEFA 1984 8-0 W | 1985 5-0 W | 1987 0-0 D | 1987 8-0 W Turkey
80%
UEFA 1982 4-1 W | 1984 5-0 W | 1985 1-1 D Finland
75%
UEFA 1982 3-0 W | 1983 0-0 D | 1989 2-1 W Greece
75%
UEFA 1981 1-0 W | 1981 3-1 W | 1983 2-0 W | +2 others Hungary
75%
UEFA 1982 9-0 W | 1983 4-0 W Luxembourg
75%
CONCACAF 1985 1-0 L | 1986 3-0 W Mexico
75%
CAF 1986 0-0 D Morocco
75%
CONCACAF 1986 1-0 W Canada
70%
CONMEBOL 1984 2-0 L Uruguay
70%
CONMEBOL 1984 0-0 D | 1989 0-0 D Chile
65%
CONMEBOL 1988 1-1 D Colombia
65%
UEFA 1984 1-0 W East Germany
65%
CONMEBOL 1986 3-0 W Paraguay
65%
CAF 1986 4-0 W Egypt
60%
UEFA 1989 2-0 W | 1989 5-0 W Albania
50%
AFC 1982 1-0 W Kuwait
50%
AFC 1988 1-1 D Saudi Arabia
30%
UEFA 1986 2-1 W | 1988 0-0 D Israel
25%
No matching quizzes found
Score Distribution
Percent of People with Each Score
Percentile by Number Answered
Your Score History
You have not taken this quiz